MDQL
is popping MORE tags! Check the
thread
!
Quizzes
Events
Quiz Creation
Community
Videos
Private Events
Remove Ads
Sign In
Join for FREE
Feedback
Dark Mode
Quiz Categories
Sports
Geography
Music
Movies
Television
Just For Fun
Miscellaneous
History
Literature
Language
Science
Gaming
Entertainment
Religion
Holiday
For Kids
Quiz Lab
Recent
Popular Today
Quiz Kudos Today
Editor Picks
Curator Picks
Quizzes by...
Day
Popularity
Type
Ratings
Length
Year
Community
Subscriptions
Recent Discussions
Orange Saloon
Badges
Playlists
Quests
Create
Leaderboards
Showdown
Live 5
Trivia Bingo
Activity
Puzzle Library
Sporcle Events
Private Events
Virtual Trivia
Globe League
Become a Host
Pub Owners
SporcleCon
Opinionation
Our Games
Videos
Blog
Mobile Apps
Partnerships
Remove Ads and Go Orange
Feedback
Movies
Disney
Marvel Cinematic Universe
Movie Resume
Movie Titles
Oscar
Actor
Actress
Director
Pixar
Role
Movie Quotes
Movie Characters
Box Office
Nominee
Best Picture
Star Wars
James Bond
Horror Movies
Movies
Disney
Marvel Cinematic Universe
Movie Resume
Movie Titles
Oscar
Actor
Actress
Director
Pixar
Role
Movie Quotes
Movie Characters
Box Office
Nominee
Best Picture
Star Wars
James Bond
Horror Movies
Random Quiz
Search Sporcle
×
Quiz Lab
Quiz Lab
Movies
Dream
Type in answers that appear in a list
Type in answers that appear in a list
Classic
Best Score? Go Orange.
Requiem for a Dream Stats
Can you name the Requiem for a Dream Trivia?
By
Shapes9322
6m
24 Questions
346 Plays
346 Plays
346 Plays
Comments
Comments
Give Quiz Kudos
Give Quiz Kudos
-
- Ratings
hide this ad
Replay
Link that replays current quiz
Next Quiz
Link to next quiz in quiz playlist
You Got
0%
They Got
Avg Score
51%
Avg Friend Score
Upgrade to see
Score Distribution
Jump to the score distribution portion of the page
Score
0/24
Timer
06:00
0
Plays Today
Hint
Answer
% Correct
Played by
Jared Leto
91.3%
Drug that three of the main characters are addicted to
Heroin
79.5%
Part of the son's body that is amputated at the end of the movie
Left Arm
78.9%
Old woman's son
Harry Goldfarb
77.5%
Old woman who goes insane after taken prescribed amphetamine pills
Sara Goldfarb
76.9%
Played by
Jennifer Connelly
74%
What household appliance attacks the old woman?
The Fridge
71.1%
Son's girlfriend
Marion Silver
70.5%
State in which the movie starts
New York
66.2%
Played by
Marlon Wayans
65%
Physical addiction of the old woman
Amphetamines
63.6%
State in which the son and his friend are in prison at the end
Florida
59.5%
Hint
Answer
% Correct
Played by
Ellen Burstyn
59.2%
Son's best friend
Tyrone Love
55.5%
Director of the movie
Darren Aronofsky
50.6%
Psychological addiction of the old woman
Television
42.5%
People from what country are at war with the blacks?
Italy
30.9%
TV Show Host
Tappy Tibbons
28.6%
Psychiatrist who gives the girlfriend money for sex
Arnold
22.3%
Played by
Christopher McDonald
20.8%
Played by
Keith David
20.2%
Pimp who forces the girlfriend into an orgy for drugs
Big Tim
19.1%
'Someone like you can really make things _
_
_
_
_
_
_
_
_
_
_
_
_
_
_
'
all right for me.'
10.1%
4%
Quiz Playlist
Details
Report
Send in Message
Add To Playlist
Classic:
Type in answers that appear in a list
Last Updated: Feb 16, 2017
Quiz Scoreboard
CHALLENGE
Sign Up to Join the Scoreboard
Show All
Scores
Hide
Comments
May contain spoilers
Recently Published
1-10 Letter E Words III
by El_Dandy
Language
2m
Street Fighter Characters
by Artimus82
Gaming
60s
College Basketball Coaching Resumes
by pancakes188
Sports
9m
More to Explore
Quiz From the Vault
Featured Blog Post
Where Did the Easter Bunny Come From?
hide this ad
You Might Also Like...
Tags
Dream
Today's Top Quizzes in Movies
Browse Movies
hide this ad
Today's Top Quizzes in Dream
Browse Dream
Top Contributed Quizzes in Movies
1
Pick 5 Posters: Directed by Spielberg
2
7-to-1: Pixar Characters
3
Hidden Star Wars Character II
4
Hidden Star Wars Character III
5
Pick 5 Posters: Lowest-Rated Spielberg
6
Hidden Star Wars Character IV
7
Sorting Actresses
8
Sorting Actors
9
Hidden Star Wars Character V
10
Pick 5 Posters: Directed by Scorsese
Explore More
Trending Topics
Crossword
Marvel
Anime
Kpop
Disney
Harry Potter
NBA
The Office
Song
Puzzle
Country
Pokémon
NFL
WWE
Soccer
hide this ad
More By:
Shapes9322
Quiz
Plays
Rating
Category
Featured
Created
Les Miserables
6,729
3.12
Literature
Oct 3, 2009
Home Alone Stuff
3,940
3.59
Movies
Nov 29, 2009
Les Miserables Characters: Musical
3,414
3.50
Literature
Feb 23, 2010
Top 20 Most Depressing Movies
2,191
1.73
Movies
Nov 5, 2010
Calvin and Hobbes
1,591
3.71
Literature
Feb 19, 2010
Go to Creator's Profile
Score Distribution
Quiz Creator Spotlight
Shapes9322
Follow
Send a Message
Quizzes Created
-
Created Quiz Play Count
-
More By This Creator
Popular Quizzes Today
1
Find the US States - No Outlines Minefield
2
Find the Countries of Europe - No Outlines Minefield
3
Find the US States
4
The Countries of the World
5
Risky Map Clicking: Biggest States A-Z
6
US States
7
Popular People in 1961
8
Movies - When Are They Set?
More Movies Quizzes
Missing Letter: Star Wars Droids
Curator's Pick
Trending Quizzes
Risky Map Clicking: Least Populous States A-Z
1-10 Letter G Words
Countries of the World: 200 Million BC
1-10 Letter F Words
Risky Map Clicking: Next State Alphabetically
Recently Updated
Largest US Cities 1790-2010
pecheneg
Rides in Walt Disney World
pecheneg
Most Oscar Losses (Acting)
pecheneg
Beyoncé Albums
pecheneg
Leaping Animals
pecheneg
Reality TV Shows (A-Z)
bhenderson79
Rickey Henderson's Hall of Fame Teammates
pecheneg
Champions League XIs: Arsenal
pecheneg
Quick Pick: Celebrities in WWE's Hall of Fame
aduchscher
A-Z Keypad Blitz II
pecheneg
Trending Topics
Harry Potter
Marvel
Disney
Crossword
NBA
Kpop
Anime
Pokémon
Song
The Office
WWE
NFL
Soccer
Country
Puzzle
Your Account Isn't Verified!
In order to create a playlist on Sporcle, you need to verify the email address you used during registration. Go to your
Sporcle Settings
to finish the process.
Report this User
Report this user for behavior that violates our
Community Guidelines
.
Details:
Send Report
Go to the Sporcle.com Mobile Site →
Comments